[Event "World Team-ch Women 2019"]
[Site "Astana"]
[Date "2019.03.09"]
[Round "5.6"]
[White "Saduakassova, Dinara"]
[Black "Muzychuk, Anna"]
[Result "1/2-1/2"]
[WhiteElo "2462"]
[BlackElo "2555"]
[Annotator "TA"]
[PlyCount "84"]
[EventDate "2019.02.05"]
[EventType "team-tourn"]
[EventCountry "KAZ"]
[SourceTitle "playchess.com"]
[Source "ChessBase"]
[SourceQuality "1"]
[WhiteTeam "Kazakhstan"]
[BlackTeam "Ukraine"]
[WhiteTeamCountry "KAZ"]
[BlackTeamCountry "UKR"]

{[%evp 9,84,2,14,0,0,0,0,0,0,0,0,-48,-43,-42,-54,-49,14,-118,-18,-38,-23,-28,0,-114,-91,-85,-44,-96,-100,-90,-109,-103,-87,-105,-27,-27,-20,-27,-27,-39,-36,-36,-27,-27,-29,-36,-27,-40,-27,-38,-38,-31,-2,-2,-2,-2,-2,-2,-2,-2,-2,-2,-2,-12,-12,-12,0,0,0,0,0,0,0,0,0,0,0]} 1. Nf3 g6 2. c4 Bg7 3. e4 e5 4. d4 exd4 5. Nxd4 Nc6 6. Be3 {A10: English Opening: Unusual Replies for Black} Qf6 {[%cal Rc6d4]} 7. Nxc6 dxc6 8. Nc3 Qe7 9. Be2 Nf6 10. O-O $146 ({Predecessor:} 10. Qc2 O-O 11. O-O Ng4 12. Bxg4 Bxg4 {½-½ (44) Bu,X (2695)-Svidler,P (2731) Khanty-Mansiysk 2010}) 10... Nxe4 11. Nxe4 Qxe4 12. Bc5 {Re1 is the strong threat.} Qe5 ({Don't blunder} 12... Bxb2 $2 13. Bd3 $18) ({Better is} 12... Qf5 $15 13. Ba3 Bd7) 13. Ba3 {[#]} (13. Bb4 $1 $11 {was the only way to keep the balance.} Qxb2 14. Rb1 Qxa2 15. Bg4) 13... c5 (13... Bd7 $1 $17 14. Bf3 O-O-O) 14. Bf3 $11 {Threatens to win with Re1.} O-O $36 {[%mdl 2048] White is under pressure.} 15. Re1 Qd6 16. Qb3 (16. Qxd6 $11 {remains equal.} cxd6 17. Rad1) 16... Bd4 $17 17. Rad1 Qb6 (17... Qf6 {seems wilder.} 18. Re4 Bf5 19. Rexd4 cxd4 20. Bxb7 Rab8) 18. Rxd4 (18. Qa4 $1 $15 Bf5 19. b3) 18... Qxb3 19. axb3 cxd4 20. Bxf8 Kxf8 $15 {[%mdl 4096] Endgame KRB-KRB} 21. Re4 Be6 (21... c5 $17 {aiming for ...Rb8.} 22. Re5 Bf5 23. Rxc5 Re8) 22. Rxd4 $11 c5 23. Rd3 Rb8 24. Bd5 Rd8 25. Be4 Rxd3 26. Bxd3 $15 {KB-KB} Ke7 27. Kf1 Kf6 28. Be4 b5 29. cxb5 Bxb3 30. Ke2 Ba4 31. Bd3 $1 {The position is equal.} Ke5 32. Bc4 $1 Kd4 33. Bxf7 Bxb5+ 34. Kd2 g5 35. g3 Bc6 36. h4 gxh4 37. gxh4 Ke4 38. Kc3 Bb5 {With the idea ...Kf3.} 39. Bh5 $1 Kf4 40. Bd1 h6 41. Bh5 Bf1 42. Bd1 Bb5 {Accuracy: White = 60%, Black = 50%.} 1/2-1/2

[Event "World Team-ch Women 2019"]
[Site "Astana"]
[Date "2019.03.09"]
[Round "5.7"]
[White "Ushenina, Anna"]
[Black "Assaubayeva, Bibisara"]
[Result "1/2-1/2"]
[WhiteElo "2443"]
[BlackElo "2376"]
[Annotator "TA"]
[PlyCount "65"]
[EventDate "2019.02.05"]
[EventType "team-tourn"]
[EventCountry "KAZ"]
[SourceTitle "playchess.com"]
[Source "ChessBase"]
[SourceQuality "1"]
[WhiteTeam "Ukraine"]
[BlackTeam "Kazakhstan"]
[WhiteTeamCountry "UKR"]
[BlackTeamCountry "KAZ"]

{[%evp 20,65,43,41,24,23,35,37,33,37,61,59,64,22,36,20,21,26,43,45,46,46,46,47,47,45,54,17,17,17,17,17,17,17,17,17,17,17,17,14,14,14,14,6,6,6,6,0]} 1. d4 d5 2. c4 c6 3. Nf3 Nf6 4. e3 Bf5 5. Nc3 e6 6. Nh4 Bg6 7. Nxg6 hxg6 8. g3 {D12: Slav Defence: 3 Nf3 Nf6 4 e3 Bf5} (8. Rb1 c5 9. cxd5 exd5 10. g3 Nc6 11. Bg2 Qd7 12. O-O Rd8 13. dxc5 Bxc5 14. b3 Qf5 15. Bb2 O-O {½-½ (65) Lenderman,A (2626)-Robson,R (2682) Saint Louis 2018}) 8... Nbd7 9. cxd5 exd5 10. Bg2 Bd6 11. O-O {LiveBook: 4 Games} O-O 12. f3 {[%cal Bf2f3,Bf3f4][%mdl 32]} c5 $146 ({Predecessor:} 12... Ne8 13. e4 Nb6 14. e5 Be7 {1-0 (70) Danner,G (2315)-Meier,W (2188) Dresden 2013}) 13. dxc5 Bxc5 14. Nxd5 Ne5 15. f4 Nc4 16. b3 (16. Kh1 {feels hotter.} Rc8 17. Nxf6+ gxf6 18. Bxb7 Qxd1 19. Rxd1 Rfd8 20. Rxd8+ Rxd8 21. Ba6) 16... Nxd5 17. bxc4 Nxe3 18. Bxe3 Bxe3+ 19. Kh1 Qxd1 20. Raxd1 Rac8 21. Rfe1 Bb6 22. Bxb7 Rxc4 23. Re7 Kh7 {The position is equal.} 24. Bd5 Rc7 25. Rxc7 Bxc7 $11 {[%mdl 4096] Endgame KRB-KRB} 26. Bb3 f6 27. Kg2 Rd8 28. Rxd8 Bxd8 29. Kf3 g5 30. fxg5 fxg5 31. Kg4 Kg6 32. Bc2+ Kf6 33. Bb3 {Precision: White = 63%, Black = 73%.} 1/2-1/2

[Event "World Team-ch Women 2019"]
[Site "Astana"]
[Date "2019.03.09"]
[Round "5.8"]
[White "Dauletova, Gulmira"]
[Black "Buksa, Nataliya"]
[Result "1/2-1/2"]
[WhiteElo "2263"]
[BlackElo "2416"]
[Annotator "TA"]
[PlyCount "108"]
[EventDate "2019.02.05"]
[EventType "team-tourn"]
[EventCountry "KAZ"]
[SourceTitle "playchess.com"]
[Source "ChessBase"]
[SourceQuality "1"]
[WhiteTeam "Kazakhstan"]
[BlackTeam "Ukraine"]
[WhiteTeamCountry "KAZ"]
[BlackTeamCountry "UKR"]

{[%evp 9,108,25,66,33,34,29,53,39,29,27,24,24,41,32,43,34,39,29,32,43,29,41,41,41,39,42,48,59,58,19,22,20,10,20,20,13,20,18,25,-9,-7,-3,0,-28,-14,-15,4,-37,-26,-45,-55,-77,-47,-56,-41,-50,-19,-16,-19,-20,-31,-45,-18,-25,-25,-21,-19,-19,-12,-13,0,-18,-20,-19,-4,0,0,-22,0,0,0,0,0,-4,0,-8,0,-4,-11,-8,0,-8,0,-19,0,0,0,-10,0,0,0]} 1. e4 e5 2. Nf3 Nc6 3. Bb5 a6 4. Ba4 b5 5. Bb3 g6 6. d4 {C70: Ruy Lopez: 3...a6 4 Ba4, Norwegian and Delayed Schliemann} exd4 7. a4 (7. Nxd4 Na5 8. O-O Bg7 9. Re1 Ne7 10. e5 O-O 11. Bg5 c5 12. Bd5 Rb8 13. Nb3 Nxb3 14. axb3 {0-1 (31) Kramnik,V (2792)-Mamedyarov,S (2808) Paris 2018}) 7... b4 8. Nxd4 {White is slightly better.} Na5 9. Bd5 c6 10. Ba2 Bg7 11. O-O Ne7 12. c3 c5 {[#] And now ...bxc3 would win.} 13. Nb3 Nb7 $146 {Threatening ...c4.} 14. cxb4 cxb4 15. Be3 O-O 16. Bd4 Nc6 17. Bxg7 Kxg7 18. N1d2 d6 19. Nc4 Be6 20. Nd4 Nxd4 21. Qxd4+ Qf6 22. Qxf6+ Kxf6 23. Nb6 Rab8 {next ...b3 is good for Black.} 24. Nd5+ Kg7 25. Bc4 Nc5 26. Rfe1 (26. f3 {is more complex.} f5 27. exf5 Rxf5 28. Rfd1 a5 29. Ne3) 26... Bxd5 27. Bxd5 b3 28. Re3 a5 29. f3 Rb4 30. Bc6 Rc8 31. Bb5 Ne6 32. Rc3 $1 {[%cal Rc3c8]} Rxc3 33. bxc3 $15 {[%mdl 4096] Endgame KRB-KRN} b2 34. Rb1 Rb3 35. Kf2 Kf6 (35... Nc7 $5 {[%cal Rc7b5]} 36. Bd7 d5 $11) 36. Ke1 Rxc3 37. Rxb2 Nc5 {The position is equal.} 38. Rd2 Ke6 39. Kf2 Ra3 40. Rd4 Ra2+ 41. Kg3 {[#] Threatens to win with Bc4+.} Rb2 42. h4 h6 43. Bc6 f6 44. Be8 g5 45. hxg5 hxg5 46. Bc6 Ke7 47. Rd5 Rc2 {Hoping for ...Ne6.} 48. Bb5 Ra2 49. Bc6 Ra3 50. Kg4 Ke6 51. Rd4 Ke5 52. Rd5+ Ke6 53. Rd4 Ke5 54. Rd5+ Ke6 {Accuracy: White = 55%, Black = 59%.} 1/2-1/2

[Event "World Team-ch Women 2019"]
[Site "Astana"]
[Date "2019.03.09"]
[Round "5.9"]
[White "Hoang, Thanh Trang"]
[Black "Khotenashvili, Bela"]
[Result "0-1"]
[WhiteElo "2454"]
[BlackElo "2474"]
[Annotator "TA"]
[PlyCount "92"]
[EventDate "2019.02.05"]
[EventType "team-tourn"]
[EventCountry "KAZ"]
[SourceTitle "playchess.com"]
[Source "ChessBase"]
[SourceQuality "1"]
[WhiteTeam "Hungary"]
[BlackTeam "Georgia"]
[WhiteTeamCountry "HUN"]
[BlackTeamCountry "GEO"]

{[%evp 13,92,0,22,0,0,-3,16,-4,0,0,0,0,0,0,0,0,0,0,35,0,0,0,0,-70,-70,-82,-81,-112,-112,-113,-89,-100,-92,-288,-271,-268,-6,-288,-281,-634,-626,-713,-720,-759,-750,-696,-694,-782,-756,-1258,-517,-642,-491,-654,-340,-664,0,-161,0,-664,-665,-665,-579,-554,-554,-1175,-1144,-1160,-1120,-1266,-1253,-29984,-29985,-29987,-1708,-1691,-1592,-1439,-1360,-29991,-29992]} 1. d4 Nf6 2. Nf3 g6 3. g3 Bg7 4. Bg2 O-O 5. O-O d5 6. c4 c6 7. Qb3 a5 {[%cal Ba7a5,Ba5a4][%mdl 32]} 8. Na3 {D78: Fianchetto Grünfeld: 6 0-0 c6} a4 9. Qb4 Nbd7 10. Bf4 {The position is equal.} dxc4 11. Qxc4 Nd5 $146 ({Predecessor:} 11... Nb6 12. Qc1 Be6 13. Bh6 Bd5 14. Rd1 Qd6 15. Bxg7 Kxg7 {1-0 (41) Vaganian,R (2640)-Smirin,I (2673) Mallorca 2004}) 12. Bg5 N7f6 13. Qc1 Qb6 14. Nc4 Qb5 15. Nfe5 Be6 16. Rd1 Nb6 17. Nxb6 Qxb6 18. Nd3 (18. e4 $11) 18... Qxd4 $15 19. Nc5 Qc4 20. Nxb7 Qxe2 21. Nc5 Bd5 {Strongly threatening ...a3!} 22. Re1 Qg4 $40 {[%mdl 128] Black wants a kill.} 23. Rxe7 $2 (23. Rb1 $17) 23... Bxg2 $19 24. Kxg2 Rfe8 $2 ({Better is} 24... Qf5 $19 {And now ...Nd5 would win.} 25. Re1 a3 $1 {[%mdl 512]}) 25. Rb7 $2 {[%mdl 8192]} (25. Bxf6 $11 {and White stays safe.} Bxf6 26. Qd1) 25... Nd5 26. Bh6 $2 (26. h3 Qe2 27. Qd2) 26... Re2 27. Bxg7 {Hoping for h3.} Ne3+ 28. Kg1 Qf3 {[%csl Ge3][%cal Rf3g2]} 29. Qxe3 Rxe3 30. Bd4 Re2 31. Nd7 {[#]} Re6 (31... c5 $142 $1 32. Nf6+ (32. Bxc5 Qxb7) 32... Kg7 33. Nh5+ {[%mdl 64] Discovered Attack (Double check)} Kh6 34. Rxf7 Qxf7) 32. Bc3 Rae8 33. a3 Rd6 34. Rf1 $2 {[#]} (34. Ne5 Rd1+ 35. Rxd1 Qxd1+ 36. Kg2) 34... Rde6 $2 (34... c5 $1 $19 35. Rc7 (35. Nxc5 Rd1) 35... f6) 35. Nc5 $2 (35. Ra1 $1 $11 {and White has nothing to worry.} f6 36. Rf1) 35... Rd6 $2 (35... R6e7 36. Nd7 Re6) 36. Nd7 $1 {[#]} c5 $1 37. Rc7 (37. Nxc5 Rd1) 37... Qf5 38. Nxc5 h5 39. h4 g5 40. Nb7 Rg6 {aiming for ...gxh4.} 41. hxg5 Qxg5 42. Rd1 h4 43. Rc5 Qh6 (43... Qf4 $142 44. Re1 Rxe1+ 45. Bxe1 hxg3 46. Rc8+ Kg7 47. fxg3 Qd4+ {[%mdl 64] Double Attack} 48. Kf1 Rf6+ 49. Ke2 Re6+ 50. Kf1 Qd3+ 51. Kg2 Rxe1 52. Rg8+ Kxg8 53. Kh3 Qf3 54. Kh4 Rh1+ 55. Kg5 Rh5#) 44. Re5 Rxe5 45. Bxe5 Kh7 46. Bf4 Qxf4 {Accuracy: White = 29%, Black = 52%.} 0-1

[Event "World Team-ch Women 2019"]
[Site "Astana"]
[Date "2019.03.09"]
[Round "5.10"]
[White "Arabidze, Meri"]
[Black "Gara, Anita"]
[Result "1-0"]
[WhiteElo "2392"]
[BlackElo "2384"]
[Annotator "NA"]
[PlyCount "117"]
[EventDate "2019.02.05"]
[EventType "team-tourn"]
[EventCountry "KAZ"]
[SourceTitle "playchess.com"]
[Source "ChessBase"]
[SourceQuality "1"]
[WhiteTeam "Georgia"]
[BlackTeam "Hungary"]
[WhiteTeamCountry "GEO"]
[BlackTeamCountry "HUN"]
[TimeControl "40/5400+30:1800+30"]

1. d4 {[%emt 0:00:00]} Nf6 {[%emt 0:00:03]} 2. c4 {[%emt 0:00:00]} g6 {[%emt 0:00:05]} 3. Nc3 {[%emt 0:00:00]} d5 {[%emt 0:00:04]} 4. Nf3 {[%emt 0:00:14]} Bg7 {[%emt 0:00:05]} 5. Qb3 {[%emt 0:00:10]} dxc4 {[%emt 0:01:57]} 6. Qxc4 {[%emt 0:00:05]} Be6 {[%emt 0:00:34]} 7. Qb5+ {[%emt 0:03:24] D96: Grünfeld: Russian System (5 Qb3): sidelines} Bd7 {[%emt 0:00:06]} 8. Qb3 {[%emt 0:04:58]} O-O {[%emt 0:06:14]} 9. e4 {[%emt 0:02:12]} c5 {[%emt 0:03:11]} 10. d5 {[%emt 0:05:28]} e6 {[%emt 0:05:19]} 11. dxe6 {[%emt 0:19:47]} Bxe6 {[%emt 0:02:01]} 12. Bc4 {[%emt 0:00:11]} Bxc4 $146 {[%emt 0:07:57]} ({Predecessor:} 12... Re8 13. O-O Nc6 14. Bxe6 Rxe6 15. Bg5 {½-½ (47) Oms Pallisse,J (2506)-Nielsen,P (2662) Barcelona 2012}) 13. Qxc4 {[%emt 0:00:12]} Qb6 {[%emt 0:03:02]} 14. O-O {[%emt 0:11:53]} Qb4 {[%emt 0:04:01]} 15. Qe2 {[%emt 0:00:37]} Nc6 {[%emt 0:02:44]} 16. Bg5 {[%emt 0:05:30]} Rae8 {[%emt 0:04:49]} 17. Rfe1 {[%emt 0:05:10]} h6 {[%emt 0:01:42] [#]} 18. Bxf6 $1 {[%emt 0:03:45]} Bxf6 {[%emt 0:00:04]} 19. Nd5 {[%emt 0:00:20]} Qxb2 {[%emt 0:00:49]} 20. Rab1 {[%emt 0:00:18]} Qxe2 {[%emt 0:09:47]} 21. Nxf6+ {[%emt 0:00:10]} Kh8 {[%emt 0:00:03]} 22. Rxe2 {[%emt 0:00:05]} Re7 {[%emt 0:00:01]} 23. Rd2 {[%emt 0:06:23]} b6 {[%emt 0:03:34]} 24. Rd6 $18 {[%emt 0:02:55]} Rc8 {[%emt 0:03:50]} 25. Rc1 {[%emt 0:05:07]} Kg7 {[%emt 0:00:59]} 26. Nd2 {[%emt 0:09:37]} Re6 {[%emt 0:03:54]} 27. Rxe6 {[%emt 0:00:57]} fxe6 {[%emt 0:00:01]} 28. Ng4 {[%emt 0:00:11]} Rd8 {[%emt 0:01:31]} 29. Nc4 {[%emt 0:01:43]} b5 {[%emt 0:06:24]} 30. Nce5 {[%emt 0:04:13]} Nb4 {[%emt 0:00:03]} 31. f4 {[%emt 0:03:53]} c4 {[%emt 0:02:07]} 32. a3 {[%emt 0:02:19]} Na2 {[%emt 0:01:35]} 33. Rc2 {[%emt 0:00:10]} Rd1+ {[%emt 0:00:10]} 34. Kf2 {[%emt 0:00:01]} Nc1 {[%emt 0:01:16]} 35. Ne3 {[%emt 0:00:58]} Nd3+ {[%emt 0:01:21]} 36. Ke2 {[%emt 0:00:46]} Ra1 {[%emt 0:01:49]} 37. Nxd3 {[%emt 0:00:43]} cxd3+ {[%emt 0:00:03]} 38. Kxd3 {[%emt 0:00:04]} Rxa3+ {[%emt 0:00:03]} 39. Rc3 {[%emt 0:03:47]} Ra1 {[%emt 0:00:48]} 40. Rc7+ {[%emt 0:00:00]} Kf8 {[%emt 0:00:00]} 41. Rb7 {[%emt 0:02:08]} a6 {[%emt 0:00:36]} 42. Nc2 {[%emt 0:06:16]} Rd1+ {[%emt 0:05:28]} 43. Ke3 {[%emt 0:03:08]} Rg1 {[%emt 0:03:00]} 44. g3 {[%emt 0:01:06]} g5 {[%emt 0:02:03]} 45. Nd4 {[%emt 0:01:14]} Re1+ {[%emt 0:02:13]} 46. Kd3 {[%emt 0:01:05]} Rd1+ {[%emt 0:00:36]} 47. Kc3 {[%emt 0:00:20]} b4+ {[%emt 0:03:56]} 48. Rxb4 {[%emt 0:00:18]} Rc1+ {[%emt 0:03:24]} 49. Kd2 {[%emt 0:00:16]} Rh1 {[%emt 0:00:10]} 50. Nxe6+ {[%emt 0:02:43]} Ke7 {[%emt 0:00:38]} 51. Nd4 {[%emt 0:00:32]} Rxh2+ {[%emt 0:00:18]} 52. Ke3 {[%emt 0:00:07]} g4 {[%emt 0:01:35]} 53. Rb6 {[%emt 0:01:15]} a5 {[%emt 0:01:19]} 54. Ra6 {[%emt 0:00:29]} Kf7 {[%emt 0:03:16]} 55. Rxa5 {[%emt 0:01:36]} h5 {[%emt 0:00:24]} 56. Ra7+ {[%emt 0:01:01]} Kg6 {[%emt 0:00:12]} 57. Ra6+ {[%emt 0:00:09]} Kf7 {[%emt 0:00:05]} 58. Nf5 {[%emt 0:00:20]} Rb2 {[%emt 0:00:52]} 59. e5 {[%emt 0:00:22]} 1-0

[Event "World Team-ch Women 2019"]
[Site "Astana"]
[Date "2019.03.09"]
[Round "5.11"]
[White "Gara, Ticia"]
[Black "Javakhishvili, Lela"]
[Result "1-0"]
[WhiteElo "2324"]
[BlackElo "2455"]
[Annotator "TA"]
[PlyCount "177"]
[EventDate "2019.02.05"]
[EventType "team-tourn"]
[EventCountry "KAZ"]
[SourceTitle "playchess.com"]
[Source "ChessBase"]
[SourceQuality "1"]
[WhiteTeam "Hungary"]
[BlackTeam "Georgia"]
[WhiteTeamCountry "HUN"]
[BlackTeamCountry "GEO"]

{[%evp 15,177,33,36,34,38,40,39,0,9,0,37,0,14,10,24,29,39,24,23,18,19,18,27,12,7,0,24,0,20,26,27,18,24,14,9,7,32,14,35,15,39,-14,-3,-8,8,6,8,0,0,0,0,0,0,0,10,-5,27,27,24,0,3,7,12,3,10,6,7,0,0,0,0,0,18,22,20,14,14,18,33,22,36,44,36,12,129,118,153,166,156,131,158,147,367,352,325,301,308,285,289,281,224,309,270,143,639,639,552,91,91,91,91,91,91,8,8,8,8,8,8,8,29945,12849,29955,29957,29964,29965,29965,29966,29966,29964,29962,29966,29966,29967,29967,29968,29968,29969,29971,29972,29971,29973,29973,29974,29974,29975,29975,29976,29977,29977,29977,29978,29978,29979,29979,29980,29980,29981,29981,29982,29982,29983,29986,29987]} 1. e4 c5 2. Nf3 e6 3. d4 cxd4 4. Nxd4 Nc6 5. Nc3 a6 6. Nxc6 bxc6 7. Bd3 d5 8. O-O Nf6 9. Qf3 {B46: Sicilian: Taimanov: 5 Nc3 a6} (9. Qe2 Be7 10. b3 O-O 11. Bb2 Bb7 12. Rad1 Qc7 13. Na4 dxe4 14. Bxe4 Nxe4 15. Qxe4 c5 16. Qg4 g6 17. c4 Rfd8 18. Bc3 Rxd1 19. Rxd1 Rd8 20. Rxd8+ Qxd8 {1-0 (42) Anand,V (2773)-Grachev,B (2626) St Petersburg 2018}) 9... Be7 10. Qg3 Nh5 11. Qf3 {White is slightly better.} Nf6 12. Qg3 Nh5 13. Qf3 Nf6 14. Bf4 Bb7 15. Rad1 Nd7 $146 ({Predecessor:} 15... Qa5 16. a3 O-O 17. b4 Qd8 18. Na4 Nd7 19. Qh3 g6 20. c4 a5 {1-0 (34) Pruijssers,R (2512)-Saduakassova,D (2448) Hoogeveen 2017}) 16. Qg3 O-O 17. Bc7 Bh4 18. Qf4 Bg5 19. Qd6 Be7 20. Qf4 Bg5 21. Qg3 Bh4 $1 22. Bxd8 Bxg3 23. Be7 Rfe8 24. hxg3 Rxe7 25. Na4 a5 26. b3 e5 27. f4 g6 28. fxe5 (28. exd5 $14 cxd5 29. Bb5) 28... Nxe5 $11 29. Nc5 Rd8 30. Be2 Bc8 31. Rd4 Nd7 32. Nxd7 Rdxd7 33. Bg4 Rc7 34. Bf3 Be6 35. Rfd1 {[%cal Re4d5]} dxe4 36. Rxe4 c5 37. Ra4 Ra7 38. Kf2 Rec7 39. Be2 Bd7 40. Rc4 a4 41. Rc3 axb3 42. axb3 Be6 43. Bc4 Kf8 44. Bxe6 fxe6 {[%mdl 4096] Endgame KRR-KRR} 45. Rd6 Ke7 46. Rb6 Ra8 47. Re3 Rf8+ 48. Ke2 Rf6 49. Kd3 Rd7+ (49... Rf2 $11) 50. Kc4 $16 Rd2 51. c3 Rxg2 52. Kxc5 Rf5+ 53. Kc4 Rg5 $2 (53... e5 $16) 54. Rbxe6+ $18 Kf7 55. Re7+ Kf6 56. Rxh7 Rg4+ 57. Kc5 R4xg3 58. Rxg3 Rxg3 {KR-KR} 59. Kc4 (59. Kb4 $1 $18) 59... g5 $2 {[%mdl 8192]} (59... Rg4+ $16 60. Kd5 Rg5+ 61. Ke4 Re5+ 62. Kf3 Rf5+ 63. Ke4 Re5+ 64. Kd4 Re8) 60. b4 g4 61. b5 $2 (61. Rh8 $18 {is more deadly. b5 is the strong threat.} Kf7 62. Rh7+ Kf6 63. Rh1) 61... Rh3 $16 62. Rd7 $1 {Hoping for b6.} g3 63. Rd1 $1 {And now b6 would win.} Rh8 64. b6 (64. Rg1 $16 Rg8 65. b6) 64... Rc8+ $11 65. Kb4 Rc6 66. Rg1 Rxb6+ 67. Kc5 Rb3 $2 {[%mdl 8192]} (67... Ra6 $11) 68. Rxg3 Ke7 69. Rd3 {White mates.} Ra3 70. Kb4 Ra8 71. c4 Rb8+ 72. Kc5 Rc8+ {[#]} 73. Kb5 $1 Rb8+ 74. Ka6 Rc8 {[#]} 75. Rd4 $1 Ra8+ 76. Kb6 Rb8+ 77. Kc7 Rb4 78. Rd7+ Ke6 79. c5 Rc4 80. c6 Rc1 81. Rd2 Rh1 82. Kb7 Rb1+ 83. Kc8 Ke7 84. c7 Ke8 85. Re2+ Kf7 86. Re4 Kf6 87. Kd7 Rd1+ 88. Kc6 Rc1+ 89. Kd6 {Accuracy: White = 56%, Black = 44%.} 1-0

[Event "World Team-ch Women 2019"]
[Site "Astana"]
[Date "2019.03.09"]
[Round "5.12"]
[White "Melia, Salome"]
[Black "Terbe, Julianna"]
[Result "1-0"]
[WhiteElo "2385"]
[BlackElo "2306"]
[Annotator "NA"]
[PlyCount "93"]
[EventDate "2019.02.05"]
[EventType "team-tourn"]
[EventCountry "KAZ"]
[SourceTitle "playchess.com"]
[Source "ChessBase"]
[SourceQuality "1"]
[WhiteTeam "Georgia"]
[BlackTeam "Hungary"]
[WhiteTeamCountry "GEO"]
[BlackTeamCountry "HUN"]
[TimeControl "40/5400+30:1800+30"]

1. e4 {[%emt 0:00:00]} c5 {[%emt 0:00:00]} 2. Nf3 {[%emt 0:00:00]} Nc6 {[%emt 0:00:00]} 3. Bb5 {[%emt 0:00:00]} g6 {[%emt 0:00:00]} 4. Bxc6 {[%emt 0:00:06]} bxc6 {[%emt 0:00:08]} 5. O-O {[%emt 0:00:06]} Bg7 {[%emt 0:00:10]} 6. Re1 {[%emt 0:00:08]} Nh6 {[%emt 0:00:22]} 7. c3 {[%emt 0:00:20]} O-O {[%emt 0:00:15]} 8. h3 {[%emt 0:00:32]} f5 {[%emt 0:00:12]} 9. e5 {[%emt 0:01:13]} Nf7 {[%emt 0:00:31]} 10. d3 {[%emt 0:00:23]} Ba6 {[%emt 0:01:11]} 11. c4 {[%emt 0:02:09]} d6 {[%emt 0:01:57]} 12. e6 {[%emt 0:00:21]} Ne5 {[%emt 0:01:31]} 13. Nxe5 {[%emt 0:00:06]} dxe5 {[%emt 0:02:34]} 14. Nc3 {[%emt 0:02:50]} Qd6 {[%emt 0:04:36]} 15. b3 {[%emt 0:12:49]} Rfd8 {[%emt 0:13:28]} 16. Na4 {[%emt 0:08:06]} Bc8 $16 {[%emt 0:07:36]} (16... e4 $14 17. Be3 exd3) 17. Bb2 {[%emt 0:06:47]} Bxe6 {[%emt 0:07:16]} 18. Qe2 {[%emt 0:02:43]} e4 {[%emt 0:09:23]} 19. Bxg7 {[%emt 0:05:29]} Kxg7 {[%emt 0:00:06]} 20. dxe4 {[%emt 0:00:21]} f4 {[%emt 0:06:45]} 21. e5 {[%emt 0:01:32]} Qd2 {[%emt 0:01:30]} 22. Qf3 {[%emt 0:08:46]} Rac8 {[%emt 0:06:08]} 23. Red1 {[%emt 0:07:23]} Qc2 {[%emt 0:04:29]} 24. Nxc5 {[%emt 0:03:31]} Bf5 {[%emt 0:04:11]} 25. Rxd8 {[%emt 0:04:24]} Rxd8 {[%emt 0:00:01]} 26. Qxf4 {[%emt 0:00:24]} Qb2 {[%emt 0:07:45]} 27. Re1 {[%emt 0:01:06]} Rf8 {[%emt 0:01:07]} 28. Qe3 {[%emt 0:04:35]} Qxa2 {[%emt 0:00:44]} 29. Qd4 {[%emt 0:01:35]} Qa5 {[%emt 0:05:42]} 30. Rd1 {[%emt 0:07:04]} Kg8 {[%emt 0:02:49]} 31. g4 {[%emt 0:04:15]} Bc2 {[%emt 0:03:55]} 32. Ra1 {[%emt 0:04:35]} Qb4 {[%emt 0:02:07]} 33. Kg2 {[%emt 0:08:45]} a5 {[%emt 0:02:21]} 34. Qe3 {[%emt 0:01:51]} Rb8 {[%emt 0:02:52]} 35. Na6 {[%emt 0:01:04]} Qxb3 {[%emt 0:00:57]} 36. Nxb8 {[%emt 0:00:07]} Qxb8 {[%emt 0:00:04]} 37. Rxa5 {[%emt 0:00:21]} Bb3 {[%emt 0:01:44]} 38. Ra7 {[%emt 0:02:31]} Bxc4 {[%emt 0:00:32]} 39. Rxe7 {[%emt 0:00:20]} Bd5+ {[%emt 0:00:04]} 40. Kg3 {[%emt 0:00:00]} Qb1 {[%emt 0:00:00]} 41. f3 {[%emt 0:04:12]} h6 {[%emt 0:04:00]} 42. h4 {[%emt 0:01:27]} Qd1 {[%emt 0:03:43]} 43. Rd7 {[%emt 0:04:51]} Qb1 {[%emt 0:03:13]} 44. Rd8+ {[%emt 0:07:25]} Kg7 {[%emt 0:00:24]} 45. e6 {[%emt 0:00:35]} Bxe6 {[%emt 0:01:18]} 46. Qe5+ {[%emt 0:02:51]} Kf7 {[%emt 0:00:05]} 47. Qc7+ {[%emt 0:00:26]} 1-0